000
00311nam a22001217a 4500
008
181015b xxu||||| |||| 00| 0 eng d
041
_a
eng
080
_a
610
100
_a
4
101
_a
shm
245
_a
Neronatal And Practice And Pediatric Gardiopulmonary care
_c
Willians .TH.J
942
_2
udc
_c
BK
999
_c
49766
_d
49766